[Event "1st Chateau Montaiguillon Rapid 2019"]
[Site "Montagne"]
[Date "2019.09.08"]
[Round "5.1"]
[White "Moussard, Jules"]
[Black "Cornette, Matthieu"]
[Result "1-0"]
[WhiteElo "2608"]
[BlackElo "2558"]
[Annotator "TA"]
[PlyCount "64"]
[EventDate "2019.09.08"]
[EventType "swiss"]
[EventCountry "FRA"]
[SourceTitle "playchess.com"]
[Source "ChessBase"]
[SourceQuality "1"]

{[%evp 13,64,-16,3,-8,-16,-15,-15,-15,-15,-16,-11,-14,-14,-11,-14,-16,0,0,91,60,85,74,114,79,95,118,113,105,120,108,118,93,104,93,89,92,249,142,156,156,162,82,86,86,122,127,158,131,302,312,966,944,29997]} 1. f4 d5 2. Nf3 Nf6 3. g3 e6 4. b3 Be7 5. Bb2 c5 6. Bg2 Nc6 7. e3 O-O 8. O-O {A03: Bird's Opening with 1...d5} b5 (8... d4 9. Qe2 Nb4 10. Ne1 dxe3 11. dxe3 Qc7 12. Nc3 Bd7 13. a3 Nbd5 14. Nd1 b5 15. g4 c4 {0-1 (39) Marin,M (2543)-Jakovenko,D (2662) playchess.com INT 2006}) 9. a4 b4 10. Qe2 $146 {The position is equal.} ({Predecessor:} 10. h3 a5 11. d3 Ba6 12. Nbd2 Qc7 13. Qe2 Rac8 14. Rfe1 Rfd8 15. Bf1 Nd7 {1-0 (43) Chunihin,S (2110)-Volkov,V (2054) Krasnodar 2005}) 10... a5 11. d3 Bb7 12. Nbd2 {[%cal Bb1d2,Bd2f3,Bf3d4,Bd4b5][%mdl 32]} Rc8 13. h3 Nd7 14. e4 Nb6 15. Rad1 Nd4 (15... h6 $11 {remains equal.}) 16. Nxd4 $16 cxd4 17. Nf3 Bc5 18. Nxd4 dxe4 19. dxe4 Nd7 20. Kh2 Qb6 21. Nb5 Rfd8 22. Rd2 Nf6 {With the idea ...Rxd2.} 23. Rfd1 Rxd2 24. Rxd2 Be3 $2 {[#]} (24... Rd8 $16 {was necessary.}) 25. Rd3 (25. Bxf6 $1 $18 gxf6 26. Rd7) 25... Bg1+ 26. Kh1 {Hoping for Bxf6.} Bc5 {[#]} 27. c4 ({Better is} 27. Bxf6 $1 $18 gxf6 28. Qg4+ Kh8 29. Rd7) 27... bxc3 28. Bxc3 Qc6 29. e5 Ne4 30. Kh2 f5 $2 (30... Bf2 $16 31. Qd1 (31. Bxa5 Qc1 $16) 31... Qb6) 31. exf6 $18 (31. Bxa5 $6 Ba6 $18) 31... gxf6 $2 {[#]} (31... Nxc3 32. f7+ (32. Bxc6 Bg1+ 33. Kxg1 Nxe2+ 34. Kf2 Bxc6 $16) (32. Nxc3 Qxg2+ 33. Qxg2 Bxg2 $16) 32... Kf8 33. Rxc3 (33. Bxc6 Bg1+ 34. Kxg1 Nxe2+ 35. Kf2 Nc1 $11) 33... Qxg2+ 34. Qxg2 Bxg2) 32. Bxf6 $1 {[%mdl 576] Qg4+ would kill now. Pin} Nd6 {Accuracy: White = 50%, Black = 36%.} (32... Nxf6 33. Bxc6) 1-0

[Event "1st Chateau Montaiguillon Rapid 2019"]
[Site "Montagne"]
[Date "2019.09.08"]
[Round "5.2"]
[White "Lagarde, Maxime"]
[Black "Fressinet, Laurent"]
[Result "1/2-1/2"]
[WhiteElo "2657"]
[BlackElo "2633"]
[Annotator "TA"]
[PlyCount "132"]
[EventDate "2019.09.08"]
[EventType "swiss"]
[EventCountry "FRA"]
[SourceTitle "playchess.com"]
[Source "ChessBase"]
[SourceQuality "1"]

{[%evp 9,132,-10,-13,-33,-8,-23,-20,-46,-45,-43,-25,-33,-22,-57,-57,-58,-55,-76,-63,-79,-65,-82,-75,-138,-145,-137,-137,-174,-151,-204,-173,-167,-177,-448,-227,-443,-201,-198,-196,-185,-179,-181,-168,-179,-156,-221,-204,-184,-186,-166,-125,-137,-143,-151,-63,-63,-63,-63,-63,-58,-56,-63,-62,-56,-56,-68,-41,-66,-66,-66,-66,-75,-66,-67,-67,-67,-57,-73,-57,-68,-50,-50,-53,-172,0,-54,0,-172,-172,-219,-215,-201,-172,-217,-208,-415,-393,-393,-357,-326,-191,-191,-33,-37,0,-9,0,0,0,0,0,0,3,-19,-19,-19,-19,-75,-74,-85,0,0,0,0,0]} 1. d4 Nf6 2. Nc3 d5 3. Bf4 a6 4. e3 e6 5. Nf3 c5 6. Bd3 {D00: 1 d4 d5: Unusual lines} Nbd7 (6... cxd4 7. exd4 Nc6 8. O-O Be7 9. Ne2 Nb4 10. c3 Nxd3 11. Qxd3 O-O 12. Ne5 {½-½ (39) Mamedyarov,S (2801)-Giri,A (2782) chess.com INT 2018}) 7. h3 b5 8. a3 $146 ({Predecessor:} 8. dxc5 Nxc5 9. O-O Be7 10. Ne5 Bb7 11. Ne2 {1-0 (26) Curien,N (2218)-Borsos,B (2337) Graechen 2017}) 8... Bb7 9. O-O Be7 (9... c4 $5 10. Be2 $8 Be7 $11) 10. dxc5 Nxc5 11. Ne2 O-O 12. Ned4 Rc8 13. Bh2 Bd6 14. Ne5 Qe7 15. f4 Nfe4 16. b4 (16. Be2 $142) 16... Na4 $1 $17 17. Bxe4 dxe4 18. c4 Nb2 19. Qh5 (19. Qe2 $17 Bxe5 20. fxe5 Nxc4 21. Bf4) 19... g6 20. Qh6 Nxc4 21. Rad1 $2 (21. Nxc4 {is a better defense.} Rxc4 22. Kh1) 21... f5 (21... Nxe3 $142 22. Bg3 Nxd1 23. Rxd1 f5) 22. Bg3 $2 (22. Nxc4 Rxc4 23. Qg5) 22... Bd5 (22... Nxe3 $142 23. Bh4 Qe8) 23. Nxc4 bxc4 24. Bh4 Qf7 25. Be1 c3 {White must now prevent ...e5.} 26. Rc1 {[#]} c2 $1 {[%mdl 512] Strongly threatening ...Bc4.} 27. Rxc2 (27. Rf2 $17) 27... Rxc2 $19 28. Nxc2 Rc8 29. Nd4 Be7 30. Bh4 Bf8 31. Qg5 Rc3 (31... Qd7 $17 32. Ra1 Rc3) 32. Qd8 $1 $15 Qc7 ({Not} 32... Rxa3 $2 33. Rc1 $18) 33. Qxc7 Rxc7 34. Bf6 Rc3 35. Nxe6 Rxe3 36. Nxf8 Kxf8 {[%mdl 4096] Endgame KRB-KRB} 37. a4 Ra3 38. Ra1 Rb3 39. Bd4 Kf7 40. Bc5 Rb2 41. Re1 Bc6 42. a5 Ke6 43. Re3 Bb5 44. g4 Bd3 45. Rg3 Rb1+ 46. Kf2 (46. Kg2 $15) 46... Rb2+ (46... Rf1+ $1 $19 47. Ke3 Kd5 48. gxf5 gxf5) 47. Kg1 $1 Rb1+ (47... h6 $15) 48. Kf2 $19 {[#]} Rf1+ $1 49. Ke3 {[#]} Kd5 $1 {...g5! is the strong threat.} 50. gxf5 gxf5 51. Ba7 h5 52. Bb8 $2 (52. h4 {was worth a try.}) 52... Re1+ 53. Kd2 Re2+ 54. Kc3 Rc2+ (54... h4 $142 55. Rg7 Bb5) 55. Kb3 Rc8 $2 ({Black should play} 55... h4 $19 56. Re3 Rf2) 56. Ba7 $1 $15 Re8 {next ...h4 is good for Black.} 57. Be3 Rc8 58. Rg5 Bc2+ 59. Kb2 Ba4 60. Rxf5+ Kc4 61. Rc5+ Rxc5 62. Bxc5 Bd7 63. Kc2 (63. h4 $11) 63... Bxh3 $17 64. Kd2 Bf5 (64... Bc8 $17) 65. Be7 $1 $11 h4 66. Bxh4 Kxb4 {Accuracy: White = 40%, Black = 55%.} 1/2-1/2

[Event "1st Chateau Montaiguillon Rapid 2019"]
[Site "Montagne"]
[Date "2019.09.08"]
[Round "5.3"]
[White "Sochacki, Christophe"]
[Black "Fantinel, Thibault"]
[Result "1-0"]
[WhiteElo "2479"]
[BlackElo "2384"]
[Annotator "TA"]
[PlyCount "93"]
[EventDate "2019.09.08"]
[EventType "swiss"]
[EventCountry "FRA"]
[SourceTitle "playchess.com"]
[Source "ChessBase"]
[SourceQuality "1"]

{[%evp 9,93,-22,-21,-40,-39,-47,-45,-47,-47,-53,-46,-50,-43,-77,-52,-125,-30,-28,-23,-28,8,0,2,4,18,-8,16,-16,16,18,13,4,22,4,8,10,11,0,0,2,2,0,0,0,0,-20,-12,-12,-16,-48,0,0,79,93,96,87,129,130,130,125,122,123,120,122,93,99,102,93,92,84,83,54,46,47,50,50,156,143,398,396,439,326,29977,29978,29998,29999]} 1. e4 c5 2. Nf3 Nc6 3. b4 e5 (3... cxb4 4. d4 d5 5. exd5 Qxd5 6. c4 bxc3 7. Nxc3 Qa5 8. d5 Qxc3+ 9. Bd2 Qa3 10. dxc6 bxc6 11. Qc2 Bd7 12. Ne5 Nf6 13. Nxd7 Nxd7 14. Qxc6 Rd8 15. Bb5 e6 16. O-O Be7 17. Qb7 a6 18. Bc6 O-O 19. Bxd7 Qd6 20. Ba4 Rb8 21. Qa7 Bf6 22. Rad1 {1-0 (22) Bellahcene,B (2550)-Arab,A (2485) Casablanca 2019}) 4. Bb2 Nf6 5. b5 $146 ({Predecessor:} 5. Bb5 cxb4 6. Bxc6 bxc6 7. Nxe5 Be7 8. d3 O-O 9. O-O Bb7 10. Nd2 d6 {1-0 (45) Gumularz,S (2267)-Hardicsay,P (2245) Katowice 2016}) 5... Nd4 6. Nxe5 {B30: Sicilian: 2...Nc6 3 Bb5, lines without ...g6} Qe7 7. Bxd4 cxd4 8. Nf3 {Black is slightly better.} Qxe4+ 9. Be2 Bc5 10. O-O O-O 11. Re1 d6 12. Bd3 (12. a4 $15) 12... Qg4 ({Better is} 12... Qf4 $1 $17 {And now ...Bg4 would win.} 13. a4 Bg4) 13. c3 $11 dxc3 14. Nxc3 Bf5 15. Qc2 Bxd3 16. Qxd3 Rfe8 17. Kf1 Rad8 18. h3 Qg6 19. Qxg6 hxg6 20. Rab1 d5 21. d3 Kf8 22. Rxe8+ Rxe8 23. g4 Rd8 24. Rc1 Ba3 25. Rb1 Ke7 26. g5 Nh5 27. Rb3 Bc5 28. d4 Bb6 29. Na4 Rc8 30. Re3+ Kf8 (30... Kd8 $11 {keeps the balance.}) 31. Nxb6 $16 axb6 {[%mdl 4096] Endgame KRN-KRN} 32. Ne5 $1 Rc7 {[#]} 33. Kg2 $1 Nf4+ 34. Kg3 Ne6 {[#]} 35. Nxg6+ $1 {[%mdl 512]} Kg8 (35... fxg6 36. Rxe6) 36. Nf4 Nxd4 {White must now prevent ...Nf5+.} 37. Re8+ Kh7 38. Nxd5 Rc5 39. Rd8 ({Much weaker is} 39. Nxb6 $6 Rxg5+ 40. Kf4 Rxb5 $11) 39... Rxb5 40. h4 Nc6 41. Rd6 Ra5 42. h5 Ne5 {[#]} (42... Ra3+ $14 43. Kg4 Rxa2) 43. f4 $1 {[%cal Rf4e5]} ({Resist} 43. Nxb6 $6 Rxa2 44. Kf4 f6 $11) 43... Nc4 $2 {[%mdl 8192]} (43... Ra3+ $16 44. Kh4 Ra4) 44. Rd7 $18 {[%mdl 64] Double Attack} Ra3+ 45. Kg4 Rxa2 $2 (45... Ra5 $18 46. Kh4 Rb5) 46. Rxf7 Nd6 47. Nf6+ {Accuracy: White = 53%, Black = 34%.} 1-0

[Event "1st Chateau Montaiguillon Rapid 2019"]
[Site "Montagne"]
[Date "2019.09.08"]
[Round "5.4"]
[White "Le Hetet, Nicolas"]
[Black "Estadieu, Romeo"]
[Result "0-1"]
[WhiteElo "2391"]
[BlackElo "2099"]
[Annotator "TA"]
[PlyCount "44"]
[EventDate "2019.09.08"]
[EventType "swiss"]
[EventCountry "FRA"]
[SourceTitle "playchess.com"]
[Source "ChessBase"]
[SourceQuality "1"]

{[%evp 13,44,10,28,-16,0,-9,-4,-20,-8,-117,-13,-155,0,-164,-169,-332,-325,-330,-333,-304,-244,-338,-329,-333,-326,-357,-287,-377,-366,-380,-403,-454,-460]} 1. e4 e6 2. d4 d5 3. e5 c5 4. c3 Nc6 5. Nf3 Bd7 6. a3 f6 7. Bd3 Qc7 {[%cal Rf6e5]} 8. exf6 {C02: French: Advance Variation} (8. O-O O-O-O 9. Qe2 Nge7 10. b4 c4 11. Bc2 Ng6 12. Re1 Be7 13. a4 fxe5 14. dxe5 Rdf8 15. Na3 Nf4 16. Qd1 Be8 {1-0 (37) Grischuk,A (2737)-Morozevich,A (2676) Doha 2016}) 8... Nxf6 9. O-O Bd6 10. dxc5 {The position is equal.} Bxc5 11. c4 (11. Nbd2 $11) 11... O-O (11... dxc4 $1 $17 12. Bxc4 O-O) 12. b4 $146 (12. cxd5 $11 {remains equal.} Ng4 13. Bxh7+ Kh8 14. d6 Nxf2 15. Rxf2 Bxf2+ 16. Kh1 (16. Kxf2 Qb6+ 17. Be3 Qxb2+ {[%mdl 64] Double Attack} 18. Nbd2 Kxh7 $17)) ({Predecessor:} 12. Nc3 Rae8 13. b4 Be7 14. Qe2 a6 15. Bb2 d4 {1-0 (55) Helaszek,E (2006)-Czyz,A (1907) Szklarska Poreba 2017}) 12... Bd6 $2 ({Black should try} 12... Ng4 $1 $17 {( -> ...Rxf3!)} 13. g3 (13. bxc5 $2 Rxf3 14. g3 Raf8 $19) 13... Bxf2+ 14. Kh1 Bxg3 $1 {[%mdl 512]}) 13. Nc3 $2 (13. c5 $11 Be7 14. Nc3) 13... Ne5 $36 {[%mdl 2048] Black is in control.} 14. h3 $2 {[#]} (14. Bb2 Nxf3+ 15. Qxf3) 14... Nxf3+ $1 (14... Nxc4 15. Ra2 $17) ({Not} 14... dxc4 15. Bc2 $17) 15. Qxf3 {[%cal Rc4d5]} Ne4 ({Weaker is} 15... dxc4 16. Bc2 $17) 16. Qh5 Be8 17. Qh4 Be7 18. Qg4 Nxc3 19. cxd5 Nxd5 20. Bh6 {[%csl Gh6][%cal Rg4g7]} Bf6 21. Qxe6+ Qf7 22. Qf5 {[%csl Gd3][%cal Rf5h7]} gxh6 {Accuracy: White = 24%, Black = 42%.} 0-1

[Event "1st Chateau Montaiguillon Rapid 2019"]
[Site "Montagne"]
[Date "2019.09.08"]
[Round "5.5"]
[White "Roubert, Emile"]
[Black "Daulyte-Cornette, Deimante"]
[Result "0-1"]
[WhiteElo "2014"]
[BlackElo "2412"]
[Annotator "ChessBase"]
[PlyCount "74"]
[EventDate "2019.09.08"]
[EventType "swiss"]
[EventCountry "FRA"]
[SourceTitle "playchess.com"]
[Source "ChessBase"]
[SourceQuality "1"]
[TimeControl "720+3"]

1. e4 {[%emt 0:00:00]} Nf6 {[%emt 0:00:01]} 2. e5 {[%emt 0:00:03]} Nd5 {[%emt 0:00:01]} 3. c4 {[%emt 0:00:02]} Nb6 {[%emt 0:00:02]} 4. d4 {[%emt 0:00:01]} d6 {[%emt 0:00:02]} 5. exd6 {[%emt 0:00:02]} cxd6 {[%emt 0:00:02]} 6. Nc3 {[%emt 0:00:03]} g6 {[%emt 0:00:06]} 7. Be3 {[%emt 0:00:02]} Bg7 {[%emt 0:00:03]} 8. Rc1 {[%emt 0:00:03]} O-O {[%emt 0:00:07]} 9. b3 {[%emt 0:00:03]} Bf5 {[%emt 0:00:08]} 10. Nf3 {[%emt 0:00:13]} d5 {[%emt 0:00:12]} 11. c5 {[%emt 0:00:43]} Nc8 {[%emt 0:00:03]} 12. Be2 {[%emt 0:00:35]} Nc6 {[%emt 0:00:06]} 13. O-O {[%emt 0:00:32]} Bg4 {[%emt 0:00:08]} 14. h3 {[%emt 0:02:13]} Bxf3 {[%emt 0:00:06]} 15. Bxf3 {[%emt 0:00:01]} e6 {[%emt 0:00:03]} 16. a3 {[%emt 0:00:44]} N8e7 {[%emt 0:00:21]} 17. Qd2 {[%emt 0:02:31]} Nf5 {[%emt 0:00:35]} 18. Ne2 {[%emt 0:00:05]} Nh4 {[%emt 0:01:24]} 19. b4 {[%emt 0:00:14]} Nxf3+ {[%emt 0:00:20]} 20. gxf3 {[%emt 0:00:01]} e5 {[%emt 0:01:54]} 21. Rfd1 {[%emt 0:00:48]} exd4 {[%emt 0:00:55]} 22. Nxd4 {[%emt 0:00:06]} Ne5 {[%emt 0:00:04]} 23. f4 {[%emt 0:00:25]} Nc4 {[%emt 0:00:05]} 24. Qe2 {[%emt 0:00:11]} Qd7 {[%emt 0:01:16]} 25. Qf3 {[%emt 0:00:07]} Rad8 {[%emt 0:00:33]} 26. f5 {[%emt 0:00:19]} Nxe3 {[%emt 0:00:34]} 27. fxe3 {[%emt 0:00:13]} Rfe8 {[%emt 0:00:23]} 28. c6 {[%emt 0:00:46]} bxc6 {[%emt 0:01:19]} 29. Nxc6 {[%emt 0:00:01]} Bh6 {[%emt 0:00:05]} 30. Nxd8 {[%emt 0:00:18]} Bxe3+ {[%emt 0:00:17]} 31. Kh1 {[%emt 0:00:14]} Bxc1 {[%emt 0:00:07]} 32. Nxf7 {[%emt 0:00:24]} Be3 {[%emt 0:00:54]} 33. fxg6 {[%emt 0:00:18]} hxg6 {[%emt 0:00:03]} 34. Nh8 {[%emt 0:01:01]} Kxh8 {[%emt 0:00:22]} 35. Qf6+ {[%emt 0:00:10]} Qg7 {[%emt 0:00:05]} 36. Qh4+ {[%emt 0:00:05]} Bh6 {[%emt 0:00:35]} 37. Rxd5 {[%emt 0:00:08]} Qa1+ {[%emt 0:00:30]} 0-1

[Event "1st Chateau Montaiguillon Rapid 2019"]
[Site "Montagne"]
[Date "2019.09.08"]
[Round "6.1"]
[White "Fressinet, Laurent"]
[Black "Moussard, Jules"]
[Result "1/2-1/2"]
[WhiteElo "2633"]
[BlackElo "2608"]
[Annotator "TA"]
[PlyCount "52"]
[EventDate "2019.09.08"]
[EventType "swiss"]
[EventCountry "FRA"]
[SourceTitle "playchess.com"]
[Source "ChessBase"]
[SourceQuality "1"]

{[%evp 9,52,7,18,18,10,-6,5,0,68,60,83,70,88,74,92,64,62,62,90,92,102,84,106,93,84,58,109,104,103,104,103,104,102,100,142,107,194,36,100,0,194,0,86,0,175]} 1. d4 f5 2. Nc3 Nf6 3. Bg5 d5 4. e3 e6 5. Nf3 a6 6. Bd3 {A80: Dutch Defence: Unusual White second moves} (6. Ne5 c5 7. g4 cxd4 8. exd4 Qb6 9. Na4 Qa5+ 10. c3 fxg4 11. Bxf6 gxf6 12. Nxg4 Nd7 13. Ne3 {0-1 (49) Akobian,V (2625)-Caruana,F (2828) Saint Louis 2019}) 6... c5 7. O-O Nc6 8. Ne5 Be7 $146 (8... Bd6 $11) ({Predecessor:} 8... Bd6 9. Nxc6 bxc6 10. dxc5 Bxc5 11. Na4 Ba7 12. c4 O-O 13. Rc1 {0-1 (74) Cuenca Jimenez,J (2521)-Markgraf,A (2488) Germany 2016}) 9. Nxc6 $1 $14 bxc6 10. Na4 Nd7 11. Bxe7 Qxe7 12. Qh5+ g6 13. Qh6 Kf7 14. c4 a5 15. cxd5 cxd5 16. Nxc5 Nxc5 17. dxc5 Qxc5 (17... Ba6 $1 $14 18. Bxa6 Rxa6) 18. Rac1 Qd6 19. Rc3 Bd7 20. Rfc1 Ra7 21. h4 Qe5 22. b3 Ke7 (22... Rha8 $16) 23. Qg5+ $2 (23. Rc5 $18) 23... Kf7 {[#]} ({Black should play} 23... Kd6 $14) 24. Qh6 (24. h5 $1 $16) 24... Ke7 $1 $18 25. Qg5+ (25. Rc5 $18 {is more deadly.}) 25... Kf7 $16 {[#]} 26. Qh6 (26. h5 $1 $16) 26... Ke7 $1 {Accuracy: White = 46%, Black = 32%.} 1/2-1/2

[Event "1st Chateau Montaiguillon Rapid 2019"]
[Site "Montagne"]
[Date "2019.09.08"]
[Round "6.2"]
[White "Estadieu, Romeo"]
[Black "Lagarde, Maxime"]
[Result "1-0"]
[WhiteElo "2099"]
[BlackElo "2657"]
[Annotator "TA"]
[PlyCount "91"]
[EventDate "2019.09.08"]
[EventType "swiss"]
[EventCountry "FRA"]
[SourceTitle "playchess.com"]
[Source "ChessBase"]
[SourceQuality "1"]

{[%evp 11,90,67,51,7,62,39,52,50,69,63,56,65,56,58,77,12,75,71,64,-18,-30,-20,2,0,23,0,0,0,0,0,0,-11,8,0,0,-11,0,0,0,0,0,0,64,0,0,0,0,0,39,43,153,143,152,0,0,0,0,0,0,0,114,0,0,0,371,0,212,203,202,170,157,147,935,1087,1941,1964,29992,29991,29998,29999,29999]} 1. d4 Nf6 2. c4 c5 3. d5 e6 4. Nc3 exd5 5. cxd5 d6 6. Nf3 g6 7. Qa4+ {A61: Modern Benoni: Nf3 without early e4} (7. Bf4 Bg7 8. h3 O-O 9. e3 Na6 10. Bc4 Nc7 11. O-O Re8 12. a4 b6 13. Nb5 Nxb5 14. axb5 Ne4 15. Ra2 g5 {½-½ (39) Vallejo Pons,F (2698)-Lagarde,M (2604) chess.com INT 2019}) 7... Bd7 (7... Nbd7 $11) 8. Qb3 $14 b5 9. Nxb5 {White is slightly better.} Bxb5 10. Qxb5+ Nbd7 11. g3 Bg7 12. Bg2 O-O 13. O-O (13. Nd2 $16) 13... Rb8 (13... Nxd5 $11 14. Rd1 Rb8) 14. Qd3 $16 Re8 $146 ({Predecessor:} 14... Qc7) 15. Bf4 (15. Nd2 $14) 15... Rxb2 $11 16. Nd2 Nb6 17. Rfb1 Nh5 (17... c4 {looks sharper.} 18. Nxc4 Nxc4 19. Qxc4 Rbxe2 20. Bf3 R2e7) 18. Rxb2 (18. Be3 {with more complications.} Rxb1+ 19. Rxb1 Nf6 20. Nc4 Ng4 21. Bf4) 18... Nxf4 19. gxf4 Bxb2 20. Rb1 Bg7 21. e3 h6 22. Qa6 Qd7 23. Nc4 Nxc4 24. Qxc4 g5 25. fxg5 hxg5 26. a4 g4 (26... f5 $11) 27. a5 (27. Qf4 $1 $14) 27... Be5 28. a6 Qf5 29. Rb7 Kg7 30. Rxa7 {Hoping for Rb7.} Rh8 {[#]} ({Black should play} 30... Qb1+ $14 31. Qf1 Qh7) 31. Qe4 $1 $16 {[%cal Re4f5]} Qh5 32. f4 $2 ({Don't play} 32. Kf1 $6 g3 $11) (32. Rb7 $16) 32... gxf3 $11 33. Qxf3 $40 {[%mdl 128] White has some attack.} Bxh2+ 34. Kf1 Qg6 $1 35. Rb7 c4 {[#]} (35... Rh4 $11 36. Bh3 Ra4) 36. a7 (36. Bh3 $1 $16) 36... c3 37. Qe4 {Threatens to win with Qxg6+.} Qh5 $2 {[%mdl 8192]} (37... Qg5 $1 $11) 38. Qf3 $2 ({White has to play} 38. Bf3 $18 Qh3+ 39. Ke2) 38... c2 $2 (38... Qg6 $1 $11 {and Black stays safe.}) 39. Rc7 $18 {Black must now prevent Qxh5.} Qg6 40. Qe4 {Strongly threatening Qxg6+.} Qf6+ 41. Ke2 {And now Qg4+ would win.} Rh4 $2 {[%mdl 8192]} (41... c1=N+ $16 42. Rxc1 Qb2+ 43. Rc2 Qb5+ 44. Kd1 Re8) 42. Qxc2 Qg5 43. Bf3 Qg1 44. Qf5 {White mates.} Bg3 45. Qxf7+ Kh6 46. Qg7# {Accuracy: White = 54%, Black = 36%.} 1-0

[Event "1st Chateau Montaiguillon Rapid 2019"]
[Site "Montagne"]
[Date "2019.09.08"]
[Round "6.3"]
[White "Cornette, Matthieu"]
[Black "Sochacki, Christophe"]
[Result "0-1"]
[WhiteElo "2558"]
[BlackElo "2479"]
[Annotator "RC"]
[PlyCount "72"]
[EventDate "2019.09.08"]
[EventType "swiss"]
[EventCountry "FRA"]
[SourceTitle "playchess.com"]
[Source "ChessBase"]
[SourceQuality "1"]
[TimeControl "720+3"]

1. e4 {[%emt 0:00:00]} e6 {[%emt 0:00:00]} 2. d4 {[%emt 0:00:02]} d5 {[%emt 0:00:01]} 3. Nc3 {[%emt 0:00:07]} Nf6 {[%emt 0:00:01]} 4. Bg5 {[%emt 0:00:06]} Bb4 {[%emt 0:00:02]} 5. exd5 {[%emt 0:00:44]} Qxd5 {[%emt 0:00:05]} 6. Bxf6 {[%emt 0:00:02]} gxf6 {[%emt 0:00:01]} 7. Qd2 {[%emt 0:01:18]} Qa5 {[%emt 0:00:42]} 8. Nge2 {[%emt 0:00:02]} Bd7 {[%emt 0:00:20]} 9. a3 {[%emt 0:00:51]} Bd6 {[%emt 0:00:12]} 10. O-O-O {[%emt 0:00:10]} Nc6 {[%emt 0:00:36]} 11. d5 {[%emt 0:00:44]} Ne5 {[%emt 0:00:14]} 12. Nd4 {[%emt 0:00:35]} O-O-O {[%emt 0:00:19]} 13. Kb1 {[%emt 0:00:11]} Rhg8 {[%emt 0:00:33]} 14. g3 {[%emt 0:00:23]} Qb6 {[%emt 0:00:22]} 15. f4 {[%emt 0:00:35]} Ng4 {[%emt 0:00:46]} 16. Ka1 {[%emt 0:00:32]} a6 {[%emt 0:00:24]} 17. Bc4 {[%emt 0:00:20]} e5 {[%emt 0:00:01]} 18. Nde2 {[%emt 0:01:17]} Nf2 {[%emt 0:00:41]} 19. Rhf1 {[%emt 0:00:01]} Nxd1 {[%emt 0:00:01]} 20. Nxd1 {[%emt 0:00:02]} Bh3 {[%emt 0:00:22]} 21. Re1 {[%emt 0:00:12]} Rge8 {[%emt 0:00:18]} 22. fxe5 {[%emt 0:01:05]} fxe5 {[%emt 0:00:19]} 23. Qh6 {[%emt 0:01:12]} Bf5 {[%emt 0:00:02]} 24. Ne3 {[%emt 0:00:01]} Bg6 {[%emt 0:00:01]} 25. Qh3+ {[%emt 0:00:23]} Kb8 {[%emt 0:00:01]} 26. Nc3 {[%emt 0:00:01]} Bc5 {[%emt 0:00:29]} 27. Nf5 {[%emt 0:00:15]} Bd4 {[%emt 0:00:15]} 28. g4 {[%emt 0:00:02]} Qa5 {[%emt 0:00:23]} 29. Ka2 {[%emt 0:00:13]} Bxc3 {[%emt 0:00:03]} 30. bxc3 {[%emt 0:00:03]} h5 {[%emt 0:00:51]} 31. Bb3 {[%emt 0:00:50]} hxg4 {[%emt 0:00:03]} 32. Qxg4 {[%emt 0:00:01]} Qxc3 {[%emt 0:00:05]} 33. Re4 {[%emt 0:00:07]} Rh8 {[%emt 0:01:08]} 34. Rb4 {[%emt 0:00:12]} Rxh2 {[%emt 0:00:20]} 35. Qe4 {[%emt 0:00:17]} Bxf5 {[%emt 0:00:05]} 36. Qxf5 {[%emt 0:00:01]} Rh1 {[%emt 0:00:04]} 0-1

[Event "1st Chateau Montaiguillon Rapid 2019"]
[Site "Montagne"]
[Date "2019.09.08"]
[Round "6.4"]
[White "Daulyte-Cornette, Deimante"]
[Black "Saada, Julien"]
[Result "0-1"]
[WhiteElo "2412"]
[BlackElo "2258"]
[Annotator "TA"]
[PlyCount "108"]
[EventDate "2019.09.08"]
[EventType "swiss"]
[EventCountry "FRA"]
[SourceTitle "playchess.com"]
[Source "ChessBase"]
[SourceQuality "1"]

{[%evp 11,108,18,21,-3,18,16,20,2,12,2,10,0,0,0,0,0,0,0,9,0,22,0,35,4,42,42,57,54,52,34,48,0,27,31,181,57,177,46,65,65,91,81,72,81,100,59,97,69,119,96,143,88,225,210,748,746,719,721,742,731,706,387,12846,12847,12840,12846,6407,6407,2470,2547,1560,1139,29974,1163,29983,29984,29984,29985,29985,29986,29989,-670,-576,-732,-748,-691,-640,-576,-497,-29981,-29982,-29982,-29983,-29983,-29984,-29984,-29985,-29985,-29986]} 1. e4 c6 2. d4 d5 3. e5 Bf5 4. h4 h5 5. Bd3 Bxd3 6. Qxd3 e6 7. Bg5 {B12: Caro-Kann: Advance Variation} Be7 (7... Qb6 {is interesting.} 8. Nd2 c5 9. c4 Qxb2 10. Rb1 Qxd4 11. Qxd4 cxd4 12. cxd5 exd5 13. Ngf3 b6) 8. Nf3 Nh6 9. c4 $146 {The position is equal.} (9. Nbd2 Nf5 10. Nf1 Qa5+ 11. c3 Qa6 12. Qd2 Nd7 13. Ng3 Nxg3 14. fxg3 f6 {½-½ (72) Inarkiev,E (2693)-Tomashevsky,E (2705) St Petersburg 2018}) 9... dxc4 10. Qxc4 Nf5 11. Bxe7 Qxe7 12. Nc3 Nd7 13. g3 Nb6 14. Qb3 Rd8 15. Rd1 Nd5 16. O-O O-O 17. a3 Rd7 18. Ne4 b6 19. Rc1 Rc8 20. Qa4 Rdc7 21. b4 Qd7 22. Qd1 Nde7 (22... g6 $14) 23. Rc2 (23. Nfg5 $18) 23... Rd8 (23... Rf8 $14) 24. Rd2 (24. Nfg5 $18) 24... Nd5 25. Nfg5 g6 26. Rd3 Qe7 27. Qd2 Kg7 28. Rc1 Rdd7 29. Qd1 Qd8 30. Qe1 Nde7 {[#]} 31. Rcd1 (31. Nd6 $142 $1) 31... Nxd4 (31... Ng8 $16) 32. Nd6 $18 Nef5 $2 (32... c5 33. Ndxf7 (33. Ngxf7 Qg8 $16) 33... Qg8) 33. Rxd4 Nxd4 34. Rxd4 c5 35. bxc5 bxc5 36. Rf4 {Black must now prevent Rxf7+.} c4 $2 (36... Rxd6 37. exd6 Qxd6 38. Qc3+ e5) 37. Rxf7+ Kg8 38. Nxe6 {[%mdl 64] [#] Double Attack} Qb8 39. Rf8+ Qxf8 40. Nxf8 Kxf8 41. Qc3 Rc5 42. f4 (42. e6 $142 Ke7 43. exd7 Kxd7 44. Qd4 Kc6 45. Nxc4 Rd5 46. Qxa7 Rd1+ 47. Kg2) 42... Rdc7 43. e6 Ke7 44. Ne4 Rf5 45. Qg7+ Kd8 46. Qxc7+ $4 {[%mdl 8192]} (46. Qxg6 Rb7 47. Qxf5 Rb1+ 48. Kh2 Rd1 49. Qf8+ Kc7 50. e7 Rb1 51. e8=Q) 46... Kxc7 $19 {[%mdl 4096] Endgame KR-KN} 47. e7 Kd7 48. e8=Q+ Kxe8 49. Nd6+ Kd7 50. Nxf5 (50. Nxc4 $19 Rc5 51. Ne5+ Ke6 52. Nxg6) 50... gxf5 {Black mates.} 51. Kf2 Kc6 52. Ke3 Kd5 53. Kd2 Kd4 54. Kc2 a5 {Accuracy: White = 43%, Black = 22%.} 0-1